Southville International School and Colleges
Your cart is empty.
  • Cart
  • Lists
    Public lists Eva Luna New books Lux_list list_1
    Your lists Log in to create your own lists
  • Log in to your account
  • Your cookies
  • Search history
Southville International School and Colleges
  • Advanced search
  • Recent comments
  • Most popular
  • Libraries

Log in to your account

Log in with GOOGLE


If you do not have an external account, but do have a local account, you can still log in:

  1. Home
  2. MARC view: Technical drawing /
Normal view MARC view ISBD view

Technical drawing / (Record no. 15850)

[ view plain ]
MARC details
000 -LEADER
fixed length control field 01107pam a2200313 a 4500
001 - CONTROL NUMBER
control field 2580881
003 - CONTROL NUMBER IDENTIFIER
control field OSt
005 - DATE AND TIME OF LATEST TRANSACTION
control field 20140310182756.0
008 - FIXED-LENGTH DATA ELEMENTS--GENERAL INFORMATION
fixed length control field 961018s1997 njua b 001 0 eng
010 ## - LIBRARY OF CONGRESS CONTROL NUMBER
LC control number 96037161
020 ## - INTERNATIONAL STANDARD BOOK NUMBER
International Standard Book Number 0134619714
040 ## - CATALOGING SOURCE
Original cataloging agency DLC
Transcribing agency DLC
Modifying agency DLC
050 00 - LIBRARY OF CONGRESS CALL NUMBER
Classification number T 353
Item number .G455 1974
082 00 - DEWEY DECIMAL CLASSIFICATION NUMBER
Classification number M 604.2
Item number T22 1974
245 00 - TITLE STATEMENT
Title Technical drawing /
Statement of responsibility, etc Giesecke, Frederick E. ... [et al.].
250 ## - EDITION STATEMENT
Edition statement 10th ed.
260 ## - PUBLICATION, DISTRIBUTION, ETC. (IMPRINT)
Place of publication, distribution, etc New York :
Name of publisher, distributor, etc Macmillan Publishing Co., Inc.
Date of publication, distribution, etc c1974
300 ## - PHYSICAL DESCRIPTION
Extent 1 v. (various pagings) :
Other physical details ill. (some col.) ;
Dimensions 27 cm.
504 ## - BIBLIOGRAPHY, ETC. NOTE
Bibliography, etc Includes bibliographical references and index.
521 ## - TARGET AUDIENCE NOTE
Target audience note
526 ## - STUDY PROGRAM INFORMATION NOTE
Reading level 1210L to 17000L
541 ## - IMMEDIATE SOURCE OF ACQUISITION NOTE
-- 1
562 ## - COPY AND VERSION IDENTIFICATION NOTE
Number of copies for circulation : 1 copy available in the collection
650 #0 - SUBJECT ADDED ENTRY--TOPICAL TERM
Topical term or geographic name as entry element Mechanical drawing.
700 1# - ADDED ENTRY--PERSONAL NAME
Personal name Giesecke, Frederick E.
Fuller form of name (Frederick Ernest),
Dates associated with a name 1869-1953.
906 ## - LOCAL DATA ELEMENT F, LDF (RLIN)
a 7
b cbc
c orignew
d 1
e ocip
f 19
g y-gencatlg
942 ## - ADDED ENTRY ELEMENTS (KOHA)
Source of classification or shelving scheme Library of Congress Classification
Koha item type Books
Call number prefix
Holdings
Withdrawn status Lost status Source of classification or shelving scheme Damaged status Home library Current library Shelving location Date acquired Total Checkouts Total Renewals Full call number Barcode Date last seen Date checked out Copy number Price effective from Koha item type
    Library of Congress Classification   College Library College Library General Circulation Section 02/05/2013 1 3 T 353 .G455 1974 c2160 05/30/2025 05/07/2025 1 11/14/2013 Books

Technical drawing /

APA

Giesecke F. E., . (1974). Technical drawing. New York: Macmillan Publishing Co., Inc.

Chicago

Giesecke Frederick E, . 1974. Technical drawing. New York: Macmillan Publishing Co., Inc.

Harvard

Giesecke F. E., . (1974). Technical drawing. New York: Macmillan Publishing Co., Inc.

MLA

Giesecke Frederick E, . Technical drawing. New York: Macmillan Publishing Co., Inc. 1974.

  • Place hold
  • Print
  • Cite
  • Add to your cart (remove)
  • Save record
    BIBTEX Dublin Core MARCXML MARC (non-Unicode/MARC-8) MARC (Unicode/UTF-8) MARC (Unicode/UTF-8, Standard) MODS (XML) RIS
  • More searches
    Search for this title in:
    Other Libraries (WorldCat) Other Databases (Google Scholar) Online Stores (Bookfinder.com) Open Library (openlibrary.org)

Exporting to Dublin Core...

SOUTHVILLE LIBRARY

Southville International School and Colleges Library

1281 Tropical Ave. Cor. Luxembourg St., BF Homes International, Las Pinas City

Tel. No. 8256374 / 252358 Loc. 117/146

Powered by Koha